[Event "Tata Steel-A 73rd"]
[Site "Wijk aan Zee"]
[Date "2011.01.17"]
[Round "3"]
[White "L'Ami, Erwin"]
[Black "Anand, Viswanathan"]
[Result "1/2-1/2"]
[WhiteElo "2628"]
[BlackElo "2810"]
[Annotator "Marin,M"]
[PlyCount "61"]
[EventDate "2011.01.14"]
[EventType "tourn"]
[EventRounds "13"]
[EventCountry "NED"]
[EventCategory "20"]
[SourceTitle "CBM 141"]
[Source "ChessBase"]
[SourceDate "2011.03.17"]
[SourceVersion "1"]
[SourceVersionDate "2011.03.17"]
[SourceQuality "1"]

1. d4 Nf6 2. c4 e6 3. Nf3 ({The line chosen by Black at a later moment bears
some similarity with the following Nimzo-Indian old-fashioned tabyia:} 3. Nc3
Bb4 4. e3 O-O 5. Bd3 d5 6. Nf3 b6 7. O-O Bb7 8. cxd5 exd5 9. Ne5 Bd6 10. f4 c5
11. Qf3 Nc6) 3... Bb4+ 4. Bd2 a5 5. Nc3 $5 {Switching back to Nimzo-Indian
patterns. The reader should also refer to my article on the Accelerated
Bogo-Indian, published on this same DVD. In those lines, the moves ...Nf6 and
Nf3 are missing.} ({In an article published in CBM 137, I focused on the
old-fashioned line} 5. g3 d5 6. Bg2 dxc4 7. Qc2 Nc6 8. Qxc4 Qd5) 5... b6 6. e3
Bb7 7. Bd3 O-O 8. O-O d5 {Setting tension in the centre.} ({One important
alternative is} 8... d6 {, continuing to control the e4- and d5-square with
pieces.}) 9. cxd5 exd5 10. Ne5 {The attacking setup initiated by this move was
famously introduced into grandmaster practice by Pillsbury (true, with his
dark-squared bishop outside the pawn chain, which makes the plan even more
effective).} (10. a3 {helps Black transpose to an acceptable form of the
Nimzo-Indian line mentioned in the introduction.} Bd6 (10... Bxc3 11. Bxc3 Ne4
12. Qc2 {1/2 Cvitan,O (2541)-Kurajica,B (2540)/Zadar 2008/CBM 127 Extra}) 11.
Ne5 c5 12. f4 Nc6 {The insertion of the moves a3 and ...a5 induces some
difference, but does not necessarily favour White.} 13. Nb5 {The knight
occupies the weakened b5-square, but leaves the e4-square insufficiently well
defended.} (13. Qf3 cxd4 14. Nxc6 Bxc6 15. exd4 Re8 {Having developed the
bishop not necessarily favours White, who will have to think for a good answer
after a possible ...Ne4.} 16. Rae1 Qd7 {OK, the e4-square has been defended,
but once the rook contact has been established along the e-file, it is not so
easy to carry out the kingside attack anymore.}) 13... cxd4 $6 {An unnecessary
concession.} (13... Be7 {[%cal Gf6e4,Gf7f6] /\...Ne4}) 14. exd4 Ne7 15. f5 $36
Ne4 $2 16. Bxe4 dxe4 17. f6 $40 {Kasparov,G (2812)-Kortschnoj,V (2600)/Zuerich
(blitz) 2006/CBM 113 ext (1-0, 23)}) 10... Nbd7 11. f4 c5 {The most active
continuation, fighting for queenside space.} ({Twelve years ago, Anand carried
out another plan:} 11... Bxc3 12. Bxc3 Ba6 {This would work out well if the
c6-square were not so weak.} 13. Bxa6 Rxa6 14. Qd3 Ra8 15. Nc6 {This causes
Black serious problems of coordination.} Qe8 16. b4 $1 {Taking advantage of
the fact that the capture on b4 loses an exchange, a direct consequence of the
previous move sequence.} Ne4 17. Rfc1 Nb8 18. Nxb8 Qxb8 19. bxa5 bxa5 {Black
has a dream knight, but his queenside has been left in ruins.} 20. Rab1 Qc8 21.
Be1 $14 {Piket,J (2619)-Anand,V (2781)/Monte Carlo 1999/CBM 069 ext (1/2, 25)})
12. a3 $146 {A logical novelty. Black has to give up his bishop immediately. 
(Previously, only games between low rated players had reached the position
before this move).} Bxc3 13. Bxc3 c4 14. Bc2 b5 {The strategic plot has become
clear: White will attack on the kingside, while Black will aim at increasing
his space advantage on the other wing. The central area also plays an
important part, by establishing some sort of connection between wings. If
Black plays ...Ne4, in order to neutralise the c2-bishop, White can consider
opening up the wy for the other bishop with Bxe4 ...dxe4, d5! At some point,
White may even sacrifice a pawn with e3-e4, in order to unblock the d-pawn.}
15. Rf3 Ra6 16. Rg3 {White's desire to set up pressure against the g7-square
as soon as possible is understandable, but his last move allows Black an
optimal regrouping.} ({Maybe he should combined attack with prophylaxis:} 16.
Qe1 $5 {[%csl Gd8][%cal Gc3a5] (preventing ...Qe7) Maybe he feared that after}
Ne4 $6 {he would not find a favourable form of carrying out his attack, but
this would in fact lose a pawn to} 17. Bxa5 $1 {[%csl Gd7] , because the
d7-knight is hanging.}) 16... Qe7 $1 17. Qe1 Rfa8 {Black has achieved a very
harmonious regrouping. It should be noticed that his space advantage allows
the a6-rook to keep both wings under observation (compare this with the
complete lack of communication between White's wings).} 18. Rd1 Nb6 19. Ng4 {
White has to hurry.} ({There is no time for neutral moves already:} 19. Kh1 $6
Na4 $5 $36 (19... Ne4 $6 20. Bxe4 $1 dxe4 21. d5 $1 $36 Nxd5 $2 22. Rxg7+ $1)
20. Bxa4 bxa4 21. f5 Ne4 $17) 19... Nxg4 (19... Ne4 $2 20. Nh6+ {This is
possible only at this instant when the sixth rank has been obstructed by the
black queen's knight.} Kh8 21. Rxg7 $18) 20. Rxg4 Nd7 $1 {Aiming to replace
his absent colleague by taking over the control over the e4-square.} 21. e4 {
This looks logical, but may be not entirely satisfactory.} ({Things also are
far from clear after} 21. Qg3 g6 22. f5 b4 $132) 21... dxe4 (21... Nf6 $5 {
may be more promising.} 22. Rg5 (22. Qh4 Qd7 23. Rg3 Nxe4 24. Bxe4 dxe4 25. d5
Rg6 $1 $15) 22... Nxe4 23. Bxe4 dxe4 24. Rxb5 {[%cal Gd4d5]} (24. d5 f6 25. Rh5
Rd6 26. Qh4 h6) 24... Qd7 25. Rxa5 (25. Re5 Bd5 {[%cal Gf7f6]}) 25... Rxa5 26.
Bxa5 e3 $44) 22. d5 (22. Rg5 $5) 22... f6 23. Bxe4 {[%cal Ge4h7]} Re8 24. Qg3
Nc5 25. Bf5 Nd3 {This knight has already carried out several small tasks in
the game and now is offered for an exchange in order to reduce White's
attacking potential.} 26. Bxd3 {Settling for a draw.} (26. Rh4 $5 h6 (26...
Qc5+ 27. Kf1 Re3 28. Bxh7+ Kf8 29. Qg4 {The position remains unclear, but
White seems to be better coordinated for creating dangerous threats against
the enemy king. The thematic combination} Re1+ $2 {fails to} 30. Bxe1 $1) 27.
Rxh6 Bxd5 $13) 26... cxd3 27. Qxd3 Rd6 28. Re1 Qd7 29. Rxe8+ Qxe8 30. f5 Rxd5
31. Rd4 1/2-1/2

[Event "Vidmar Memorial 14th"]
[Site "Portoroz"]
[Date "2001.07.07"]
[Round "5"]
[White "Beliavsky, Alexander G"]
[Black "Macieja, Bartlomiej"]
[Result "1-0"]
[WhiteElo "2659"]
[BlackElo "2588"]
[Annotator "McShane,L"]
[PlyCount "55"]
[EventDate "2001.07.03"]
[EventType "tourn"]
[EventRounds "9"]
[EventCountry "SLO"]
[EventCategory "14"]
[SourceTitle "CBM 085"]
[Source "ChessBase"]
[SourceDate "2001.11.13"]
[SourceVersion "1"]
[SourceVersionDate "2001.11.13"]
[SourceQuality "1"]

1. d4 {Ftacnik} Nf6 2. c4 e6 3. Nf3 Bb4+ 4. Bd2 Qe7 5. g3 Nc6 6. Nc3 Bxc3 7.
Bxc3 Ne4 8. Rc1 O-O 9. Bg2 d6 10. d5 Nd8 11. Nd2 Nxc3 12. Rxc3 {Neither player
has any particular weaknesses, but White has more space. The knight on d8 has
more prospects via f7-e5 or b7-c5 at some point, and Black would hope to
exploit White's 'bad' light squared bishop in the long term.} Bd7 13. O-O a5
14. f4 $1 {Gaining space and fighting for the central dark squares.} Rb8 15.
Qc1 b6 (15... exd5 {Ftacnik} 16. cxd5 c6 (16... Qxe2 {Ftacnik} 17. Rxc7 Qe3+
18. Kh1 Bb5 19. Re1 Qb6 20. Ree7 $16) 17. Nc4 $14) 16. Re3 $1 {Ra8-b8 and
b7-b6 were played with the manoeuvre Nd8-b7-c5 in mind. But now if 16...Nb7
then 17.f5! and White will play f5-f6 to weaken the kingside. Macieja has to
switch plans, but by now damage has been done.} e5 {'?!' Ftacnik.} (16... c6 {
Ftacnik} 17. Qc3 cxd5 18. cxd5 Rc8 19. Qd3 $14) 17. c5 $1 f6 $2 {Ftacnik:
'Anything was better than suffocation of black pieces under the unusually far
advanced white pawn chain.'} ({Maintaining the centre is a nice idea, but} 
17... bxc5 18. fxe5 dxe5 (18... Nb7 {Ftacnik} 19. Nc4 $14) 19. Nc4 f6 {yielded
better practical chances.}) 18. c6 $1 Be8 (18... Bc8 {Ftacnik} 19. Qc2 Nf7 20.
Be4 h6 (20... g6 {Ftacnik} 21. Bxg6 hxg6 22. Qxg6+ Kh8 23. g4 $18) 21. Bh7+ Kh8
22. Nf3 $16) 19. Nf3 $1 Bf7 (19... Bh5 {Ftacnik} 20. Nd4 $16) 20. Nd4 $1 g6 21.
Nb5 {'!' Ftacnik. Ftacnik: 'Decisive move as c7 pawn will have to be protected
for good and black is not able to hold the line. '} (21. f5 {with the idea
Nd4-e6 is also strong.}) 21... Kg7 22. fxe5 fxe5 23. Ref3 Re8 24. e4 Bg8 25. h4
h5 26. Rf6 Rc8 27. Qg5 Bh7 28. Bh3 {Black is in a complete stranglehold.} (28.
Bh3 Rb8 29. Bd7 Rg8 30. Rxg6+ $18 {wins.}) 1-0

[Event "Metz op 31th"]
[Site "Metz"]
[Date "2013.04.24"]
[Round "4"]
[White "Jankovic, Alojzije"]
[Black "Lagarde, Maxime"]
[Result "1-0"]
[WhiteElo "2537"]
[BlackElo "2532"]
[Annotator "Metz Alekhine/Primel,D"]
[PlyCount "64"]
[EventDate "2013.04.20"]
[EventType "swiss"]
[EventRounds "9"]
[EventCountry "FRA"]
[SourceTitle "EXT 2016"]
[Source "ChessBase"]
[SourceDate "2015.10.08"]
[SourceVersion "1"]
[SourceVersionDate "2015.10.08"]
[SourceQuality "1"]
[TimeControl "40/5400:1800+30"]
[WhiteClock "1:30:00"]
[BlackClock "1:30:00"]

1. d4 Nf6 2. c4 e6 3. Nf3 Bb4+ 4. Bd2 a5 (4... Qe7) 5. g3 d6 6. Bg2 Nbd7 7. O-O
e5 8. Nc3 (8. e3 c6 9. Bc3 e4 10. Ne1 O-O 11. a3 Bxc3 12. Nxc3 Re8 13. f3 exf3
14. Qxf3 Nb6 15. b3 a4 16. c5 dxc5 17. dxc5 Qd2 18. Nxa4 Nxa4 19. bxa4 Qxe3+
20. Qxe3 Rxe3 21. Rf4 Rc3 22. Rd4 Be6 23. Rb4 Rxc5 24. Rxb7 h6 25. Nd3 Rc3 26.
Ne5 Rxa4 27. Nxc6 Rcxa3 28. Rxa3 Rxa3 29. Rb1 Ra2 30. Nd4 Bd7 31. Rf1 Rd2 32.
Nf3 Rd6 33. Ne5 Be6 34. Nc6 Ng4 35. Re1 Rd2 36. Ne7+ Kh8 37. Ng6+ fxg6 {
Bacrot, E (2705)-Fressinet,L (2706) Calvi 2013 1/2-1/2}) 8... exd4 (8... O-O {
Plus souple que l'abandon du centre} 9. Qc2 Re8 (9... c6)) 9. Nxd4 Ne5 (9...
O-O {la grande ligne mais le français va préférer sortir rapidement de la
théorie}) 10. b3 O-O $146 (10... c6 11. Nc2 Bc5 12. Na4 Ba7 13. Bf4 Qc7 14.
Qd2 O-O 15. Rad1 Bb8 16. Kh1 Bf5 17. Nd4 Bg6 18. Nc3 a4 19. Bg5 axb3 20. axb3
Ned7 21. e4 Re8 22. f3 h6 23. Be3 Nc5 24. Bg1 Qb6 25. Rb1 Qc7 26. Rfd1 Qe7 27.
Nf5 Bxf5 28. exf5 Bc7 29. Bd4 Rad8 30. b4 Ncd7 31. Re1 Qf8 32. f4 Bb6 33. b5
Bxd4 34. Qxd4 Nb8 35. h3 Re7 36. Rbd1 Qe8 37. Rxe7 Qxe7 38. Kh2 Qd7 39. Qa7 Qc8
40. Ne4 {Nielsen,P (2405)-Fyllingen,R (2330) Gausdal 1992 1/2-1/2 (62)}) 11.
Nd5 Nxd5 (11... Bc5 12. Bc3 c6) 12. cxd5 {[%csl Rc7]} Bc5 13. Bc3 {les Blancs
ont un petit avantage d'espace} c6 $6 {Les Noirs n'auront pas assez de
compensations pour le P perdu} (13... Re8) (13... Bd7 {[%cal Gc7c6]}) 14. dxc6
Nxc6 15. Nxc6 bxc6 16. Bxc6 Bh3 17. Bg2 Bxg2 18. Kxg2 d5 $6 {[%cal Ga8a6,Ga6h6,
Gd8d7,Gd7h3] L'idée de la poussée d6d5 pour amener la Ra6 à l'aile-roi
comme dans un gambit de Budapest mais le P isolé "d5" est faible} 19. e3 (19.
Rc1 d4) 19... Ra6 (19... a4 20. b4) 20. Bd4 (20. Rc1 {[%cal Gc1c5,Gc3g7]} Ba3
21. Qd4 $36) 20... Ba3 21. Qf3 Qd7 {[%csl Rh3][%cal Ga6h6]} 22. Rfd1 Rd8 (22...
Rh6 23. h4) 23. Rd3 $1 {[%cal Ga1d1] le Ba3 empêche le développement Rac1
mais les Blancs vont pouvoir doubler les R sur la colonne "d" et attaquer la
faiblesse "d5"} a4 24. Rad1 $36 axb3 25. axb3 Qb7 26. Be5 {Provoque un nouveau
affaiblissement} f6 27. Bf4 Rb6 28. e4 $1 $40 Kf8 29. exd5 Bd6 30. Bxd6+ Rbxd6
31. Rc3 $1 g6 (31... Rxd5 $4 32. Rc5 {[%csl Rb7]}) 32. Rc6 $1 {[%csl Rb7,Gd5]
Une belle exploitation technique de l'avantage d'espace procuré par le P
passé "d5" qui doit tomber à terme mais qui est difficile à prendre} Qe7 {
Suite illisible et gain Blanc au 43ème coup} 1-0

[Event "Bundesliga 0910"]
[Site "Germany"]
[Date "2009.10.17"]
[Round "1.4"]
[White "Nyback, Tomi"]
[Black "Von Herman, Ulf"]
[Result "1-0"]
[WhiteElo "2615"]
[BlackElo "2424"]
[Annotator "Meyer,CD"]
[PlyCount "39"]
[EventDate "2009.10.16"]
[EventType "team-tourn"]
[EventRounds "15"]
[EventCountry "GER"]
[SourceTitle "CBM 132 Extra"]
[Source "ChessBase"]
[SourceDate "2009.11.03"]
[SourceVersion "1"]
[SourceVersionDate "2009.11.03"]
[SourceQuality "1"]
[WhiteTeam "Werder Bremen"]
[BlackTeam "Koenig Tegel"]
[WhiteTeamCountry "GER"]
[BlackTeamCountry "GER"]

{INS OFFENE MESSER} 1. d4 Nf6 2. c4 e6 3. Nf3 Bb4+ 4. Nbd2 d5 5. a3 Be7 6. e3 (
6. g3 $5) 6... O-O 7. Bd3 (7. b4 a5 (7... b6 8. c5 a5 9. Bb2 bxc5 10. dxc5 c6
11. Nb3 Ne4 12. Bd3 Ba6 $13) 8. b5 c5 9. bxc6 bxc6 $11 {ECO/E4}) 7... c5 8. b3
(8. dxc5 a5 9. cxd5 exd5 10. O-O Nbd7 11. Nb3 a4 12. Nbd4 Nxc5 $11 {ECO/E4})
8... cxd4 9. exd4 b6 ({Bequemen Ausgleich erzielt der Nachziehende in dieser
Nebenvariante der Bogo-Indischen Verteidigung auch nach} 9... dxc4 {, z.B.} 10.
bxc4 (10. Nxc4 b5 11. Nce5 Bb7 12. O-O Qd5 13. Bg5 Nc6 14. Nxc6 Bxc6 $15 {
Inkiov-Nikolic, Thessaloniki (ol) 1988, ECO}) 10... b6 11. Bb2 Bb7 12. O-O Nbd7
13. Qe2 Re8 14. Rad1 Qc7 15. Rfe1 Rad8 16. h3 Nf8 17. Qe3 Ng6 18. g3 Bd6 19.
Kh2 Bc6 20. Ng5 Qe7 21. Bb1 b5 22. Nge4 Nxe4 23. Bxe4 Bxe4 24. Qxe4 bxc4 25.
Nxc4 Rc8 26. d5 e5 27. Ne3 Qb7 28. Rb1 Qd7 29. Nf5 f6 30. Kg1 {0-1 Sorin,A 
(2415)-Kortschnoj,V (2585)/Oviedo 1992/TD}) 10. O-O Bb7 ({Schwarz unterläßt
auch in der Folge den Tausch auf c4, womit er leichteres Spiel gehabt hätte:} 
10... dxc4 11. bxc4 Bb7 12. Bb2 Nbd7 {wie vorher}) 11. Qe2 Nc6 (11... dxc4) 12.
Bb2 Re8 (12... Rc8 13. Rac1 dxc4 14. bxc4 Re8 15. Rfd1 Qd6 16. Ne4 Qf4 17. Qe1
Nxe4 18. Bxe4 Bf6 19. Qe3 {1/2-1/2 Eingorn,V (2557)-Spirin,O (2430)/Metz 2008/
CBM 123 Extra}) 13. Rfe1 Bf8 14. Rac1 g6 (14... Rc8) 15. c5 $5 e5 $2 ({Hier
"liegt der Hase im Pfeffer", während Schwarz nach dem Zwischentausch} 15...
bxc5 $142 16. dxc5 {mit} e5 $1 {gut gestanden hätte:} 17. Bb5 Nd7 18. Bxc6 Bxc6
19. Nxe5 Nxe5 20. Bxe5 Bg7 21. f4 f6 22. Qa6 fxe5 23. Qxc6 e4 $13 (23... Rc8
24. Qb7 e4 $13)) 16. dxe5 $1 (16. Nxe5 $143 Nxe5 17. dxe5 bxc5 $13) 16... bxc5
17. Ng5 $1 $40 {Konfrontiert den Gegner überfallartig mit kniffligen
Verteidigungsaufgaben.} Nh5 $2 ({Danach ist schwerer Nachteil kaum zu
vermeiden. Alternativen, z.B.: I} 17... Nxe5 $2 18. Bxe5 Nd7 (18... Bh6 19.
Ngf3 (19. Ndf3 Bxg5 20. Nxg5 Nd7 21. Nxf7 $18) 19... Nd7 20. Qd1 Nxe5 21. Rxe5
$16) 19. Qh5 $1 $18) ({II} 17... Nd7 $6 18. Nxf7 $1 {Es gibt kein Zurück!} (18.
f4 $2 Ncxe5 $1) 18... Kxf7 19. e6+ Kg8 20. Qg4 Nde5 (20... Nf6 $2 21. Bxg6 $1 {
nimmt bereits das spätere Partiemotiv mit dem Zweiläufer-Matt in abgewandelter
Form vorweg}) (20... Re7 $6 21. Nf3) 21. Bxe5 Nxe5 22. Rxe5 Re7 23. Nf3 Qa5 (
23... Bg7 24. Ree1 Qb6 25. Ng5 $16) 24. a4 Bg7 25. Qg5 Qc7 (25... Rae8 26. Bb5)
26. Ree1 Rf8 (26... Qd6 27. Bb5 $16) 27. Qe3 d4 (27... Rc8 28. Bb5) 28. Qg5 $16
) ({III} 17... Bh6 $5 {vermutlich am besten} 18. Ndf3 (18. h4 Nd7 19. f4 c4 $13
) 18... Nd7 19. e6 Bxg5 (19... fxe6 20. h4 $5 (20. Qc2 $5)) 20. exf7+ Kxf7 21.
Qxe8+ Qxe8 22. Nxg5+ Kg8 23. Rxe8+ Rxe8 24. Nf3 $14 {^^ und nachdem die Wogen
merklich geglättet wurden, muß Weiß sich mit einem leicht vorteilhaften
Endspiel begnügen (Bauernstruktur, Läuferpaar).}) 18. Qg4 $1 $16 ({Vielleicht
hoffte Schwarz auf das leichtfertige} 18. Nxh7 $2 {, wonach} Bg7 $1 (18... Nf4
$143 19. Qf3 Nxd3 20. e6 (20. Nf6+ Qxf6 21. Qxf6 Bg7) 20... Rxe6 21. Rxe6 Nxb2
22. Nf6+ Kg7 23. Ne8+ Kg8 24. Nf6+ $11) 19. Qg4 Nxe5 $15 {ihm in die Hände
gespieilt hätte. Nach dem bärenstarken Partiezug indes steht er allerdings
selbst vor einem ziemlichen Dilemma.}) 18... Bc8 $2 {Diagramm [#]} ({Anstatt
dem Läufer b2 die lange Diagonale zu versperren (siehe Varianten III+IV),
übersieht der Verteidiger das Motiv des Zweiläufer-Matts und rennt ins offene
Messer. Alternativen:  I} 18... Bg7 $2 19. e6 $1 f5 (19... fxe6 20. Bxg7 Nxg7 (
20... Kxg7 21. Nxh7 $18) 21. Nxh7 $18 Kxh7 22. Qxg6+ Kg8 23. Nf3 Ne7 24. Qh7+
Kf8 25. Ng5) 20. Bxf5 Bxb2 21. Nxh7 $18 Ng7 (21... Bxc1 22. Qxg6+ Ng7 23. Qf7+
Kh8 24. Nf6) 22. Bxg6 Rxe6 23. Rxe6 Bc8 24. Bf7+ Kxf7 (24... Kh8 25. Nf6) 25.
Qg6+ Kg8 26. Rd6 Qe8 27. Nf6+ Bxf6 28. Qxf6) ({II} 18... Bh6 $2 19. Ndf3 Nd4 (
19... Ng7 20. Qh4 $18 Nh5 21. Rxc5) (19... Nxe5 20. Rxe5 Rxe5 21. Nxf7 $1 Kxf7
(21... Bc8) 22. Nxe5+ Kf8 23. Nd7+ Kf7 24. Bxg6+ (24. Rxc5 $18) 24... hxg6 25.
Ne5+ Ke7 26. Re1 $18) 20. Bxd4 cxd4 21. e6 fxe6 (21... f5 22. Bxf5) 22. Nxh7
Bxc1 23. Qxg6+ Ng7 24. Rxc1 $18 (24. Nf6+ Kf8 (24... Qxf6 25. Qxf6 Rf8 26. Qg6
$18) 25. Rxc1 $18)) ({III} 18... Nd4 19. Bxd4 cxd4 20. e6 f5 (20... fxe6 $2 21.
Nxh7 $18) 21. Bxf5 Qf6 22. Bb1 d3 (22... Bxa3 $2 23. Nxh7) 23. Bxd3 Nf4 24. Bb5
$16) ({IV} 18... d4 19. f4 $16 (19. Bc4 $5 Re7 20. b4) (19. e6 $5 f5 20. Bxf5
Nf6 21. Qg3 Nh5 22. Qh4 Be7 23. f4)) 19. e6 $1 $18 {Nimmt die Einladung zum
ohnehin geplanten Räumungszug dankend an.} Rxe6 ({I} 19... f5 20. Bxf5 Nf6 (
20... Bg7 21. Nxh7 Rxe6 22. Bxe6+ Kxh7 23. Rxc5 (23. Bxg7) 23... Qd6 24. Ne4
Bxe6 (24... dxe4 25. Rxh5+) 25. Ng5+ Kg8 26. Qxe6+ $18) 21. Qh4 Bg7 22. Bxf6
Qxf6 23. Qxh7+ Kf8 24. Bxg6 $18 (24. Qxg6 $18)) ({II} 19... Re7 20. Qxh5 f6 21.
Bxg6 (21. Qh3 fxg5 22. Bxg6 d4 23. Be4 $18 (23. Bf5 $18)) 21... hxg6 22. Qxg6+
Rg7 23. Qxf6 Qxf6 24. Bxf6 Rg6 25. e7 Bxe7 26. Bxe7 Nxe7 27. Rxe7 Rxg5 28. Rxc5
$18) 20. Qxh5 (20. Qxh5 Rxe1+ 21. Rxe1 h6 22. Ndf3 (22. Bxg6 Qxg5 23. Bxf7+ Kh7
24. Qxg5 hxg5 25. Bxd5 $18) 22... Ne7 23. Nxf7 Kxf7 (23... gxh5 24. Nxd8 $18)
24. Bxg6+ Nxg6 25. Ne5+ $18) 1-0